000 01590nam a2200445 i 4500
001 14597
003 KOSZ 005
005 20191026110249.0
008 191026s1966 pl a f f 000 0 pol
015 _aPB 1966/4896
035 _a991037085579705066
035 _a(PL-WaBN)b19950561-48omnis_nlop
035 _ab19950561
035 _a(OCoLC)805369283
035 _a(PL)b0000001995056
035 _a(EXLNZ-48OMNIS_NETWORK)9910306304805606
040 _aWA N
_cWA N
_dKOSZ 005/RW
046 _k1966
080 _a629.1
080 _a621
100 1 _aKordziński, Czesław
_eAutor
245 1 0 _aŚwiece zapłonowe /
_cCzesław Kordziński.
260 _aWarszawa :
_bWydawnictwa Komunikacji i Łączności,
_c1966.
300 _a195, [1] stron, [2] karty tablic :
_bilustracje, errata ;
_c21 cm.
336 _aTekst
_btxt
_2rdacontent
337 _aBez urzadzenia pośredniczącego
_bn
_2rdamedia
338 _aWolumin
_bnc
_2rdacarrier
380 _aKsiążki
380 _aPublikacje fachowe
388 _a1901-2000
504 _aBibliografia na stronach 194-[196].
521 _aKsiążka jest przeznaczona dla wszystkich użytkowników pojazdów samochodowych i personelu zaplecza technicznego.
650 7 _aŚwiece zapłonowe
_2DBN
650 7 _aObsługa i eksploatacja
658 _aInżynieria i technika
710 2 _aWydawnictwa Komunikacji i Łączności
_4pbl
856 _uhttp://koha.tu.koszalin.pl/cgi-bin/koha/opac-detail.pl?biblionumber=14597
_yKatalog online BPK
942 _2UKD
_cKS
999 _c14597
_d14597